|
|
|
|
| LEADER |
00000nam0a2200000 4500 |
| 001 |
80110 |
| 005 |
20231031094503.0 |
| 010 |
|
|
|a 5280003328
|
| 035 |
|
|
|a (RuTPU)RU\TPU\book\86109
|
| 090 |
|
|
|a 80110
|
| 100 |
|
|
|a 20050901d1988 m y0rusy50 ca
|
| 101 |
1 |
|
|a rus
|c eng
|
| 102 |
|
|
|a RU
|
| 105 |
|
|
|a a z 000ay
|
| 200 |
0 |
|
|a Т. 1
|
| 210 |
|
|
|d 1988
|
| 215 |
|
|
|a 398 с.
|
| 327 |
1 |
|
|9 570
|a Содерж.: Укрощение строптивой. Сон в летнюю ночь. Много шума из ничего. Король Ричард III. Юлий Цезарь. Король Генрих IV
|
| 461 |
|
|
|y 5-280-00331-X
|t Комедии, хроники, трагедии
|o пер. с англ.
|f В. Шекспир
|v Т. 1
|d 1988-
|s Литература эпохи Возрождения
|
| 610 |
1 |
|
|a английская литература
|
| 610 |
1 |
|
|a комедии
|
| 610 |
1 |
|
|a хроники
|
| 610 |
1 |
|
|a трагедии
|
| 675 |
|
|
|a 82
|v 3
|
| 801 |
|
1 |
|a RU
|b 63413507
|c 20050901
|g PSBO
|
| 801 |
|
2 |
|a RU
|b 63413507
|c 20140318
|g PSBO
|
| 942 |
|
|
|c BK
|